Rhapsodies in black : art of the Harlem Renaissance /
Uloženo v:
| Hlavní autor: | |
|---|---|
| Médium: | Neznámo |
| Jazyk: | English |
| Vydáno: |
Londres : Hayward Gallery :
University of California Press,
1997.
|
| Témata: | |
| Tagy: |
Přidat tag
Žádné tagy, Buďte první, kdo vytvoří štítek k tomuto záznamu!
|
MARC
| LEADER | 000000000a22000000004500 | ||
|---|---|---|---|
| 001 | 014260 | ||
| 020 | |a 0520212681 | ||
| 041 | 0 | |a eng | |
| 082 | 0 | 4 | |a 704.039.6 |b G172r |
| 100 | 1 | |a Powell, Richard J., |d 1953- | |
| 245 | 1 | 0 | |a Rhapsodies in black : |b art of the Harlem Renaissance / |c Richard J. Powell. |
| 260 | 1 | |a Londres : Hayward Gallery : |b University of California Press, |c 1997. | |
| 300 | |a 182 páginas : |b ilustraciones (algunas a color) ; |c 30 cm. | ||
| 650 | 4 | |a RENACIMIENTO DE HARLEM | |
| 650 | 4 | |a EXPOSICIONES | |
| 650 | 4 | |a ARTE AFROAMERICANO | |
| 650 | 4 | |a SIGLO 20 | |
| 500 | |a Colección George Yúdice | ||
| 999 | |c 20154 |d 20154 | ||
| 942 | |c BK |h 704.039.6 G172r |2 z | ||



